Možnosti podpory cestovného ruchu SR a úloha eurofondov zameraných na podporu cestovného ruchu v podmienkach EÚ bakalárska práca
Gespeichert in:
| 1. Verfasser: | |
|---|---|
| Körperschaft: | |
| Weitere Verfasser: | |
| Format: | Buch |
| Sprache: | Slowakisch |
| Veröffentlicht: |
Bratislava
2023
|
| Tags: |
Keine Tags, Fügen Sie das erste Tag hinzu!
|
MARC
| LEADER | 00000nbm a2200000 4500 | ||
|---|---|---|---|
| 001 | 0294921 | ||
| 005 | 20240627104121.5 | ||
| 041 | 0 | |a slo | |
| 044 | |a SK | ||
| 245 | 1 | 0 | |a Možnosti podpory cestovného ruchu SR a úloha eurofondov zameraných na podporu cestovného ruchu v podmienkach EÚ |b bakalárska práca |c Zuzana Gajdošová ; školiteľ: Ľubomíra Kubíková |
| 264 | 1 | |a Bratislava |c 2023 | |
| 300 | |a 56 s. | ||
| 100 | 1 | |a Gajdošová, Zuzana | |
| 700 | 1 | |a Kubíková, Ľubomíra, 1996- | |
| 710 | 2 | |a Obchodná fakulta EU. Katedra cestovného ruchu | |